| 000 | 00538nam a2200169Ia 4500 | ||
|---|---|---|---|
| 008 | 140626s9999 xx 000 0 und d | ||
| 100 | _aSmith, Pratsani. | ||
| 245 |
_aDevelopment and validation of the dietary sodium reduction self-care agency sale / _cPratsani Smith ... [et al.]. |
||
| 260 | _cc2013. | ||
| 300 | _a6 : 1, page 139 | ||
| 440 | _aResearch in Gerontological Nursing | ||
| 521 | _aNUR | ||
| 650 | _aDietary development/validation. | ||
| 650 | _aSelf-care agency. | ||
| 650 | _aSodium reduction diet. | ||
| 942 | _cSE | ||
| 999 |
_c121461 _d121461 |
||